<?xml version="1.0" encoding="UTF-8"?>
<record
    xmlns:xsi="http://www.w3.org/2001/XMLSchema-instance"
    xsi:schemaLocation="http://www.loc.gov/MARC21/slim http://www.loc.gov/standards/marcxml/schema/MARC21slim.xsd"
    xmlns="http://www.loc.gov/MARC21/slim">

  <leader>00582    a2200169   4500</leader>
  <datafield tag="952" ind1=" " ind2=" ">
    <subfield code="0">0</subfield>
    <subfield code="1">0</subfield>
    <subfield code="4">0</subfield>
    <subfield code="7">0</subfield>
    <subfield code="8">REF</subfield>
    <subfield code="a">CCL</subfield>
    <subfield code="b">CCL</subfield>
    <subfield code="c">REF</subfield>
    <subfield code="d">2011-04-28</subfield>
    <subfield code="i">11281</subfield>
    <subfield code="l">0</subfield>
    <subfield code="o">PE1628 LON 2009</subfield>
    <subfield code="p">G23370</subfield>
    <subfield code="r">2021-04-28 00:00:00</subfield>
    <subfield code="t">c.1</subfield>
    <subfield code="w">2021-04-28</subfield>
    <subfield code="y">BK</subfield>
  </datafield>
  <datafield tag="952" ind1=" " ind2=" ">
    <subfield code="0">0</subfield>
    <subfield code="1">0</subfield>
    <subfield code="4">0</subfield>
    <subfield code="7">0</subfield>
    <subfield code="8">REF</subfield>
    <subfield code="a">CCL</subfield>
    <subfield code="b">CCL</subfield>
    <subfield code="c">REF</subfield>
    <subfield code="d">2011-04-29</subfield>
    <subfield code="i">G23286</subfield>
    <subfield code="l">0</subfield>
    <subfield code="o">PE1628 LON 2009</subfield>
    <subfield code="p">G23286</subfield>
    <subfield code="r">2021-04-29 00:00:00</subfield>
    <subfield code="t">c.2</subfield>
    <subfield code="w">2021-04-29</subfield>
    <subfield code="y">BK</subfield>
  </datafield>
  <datafield tag="952" ind1=" " ind2=" ">
    <subfield code="0">0</subfield>
    <subfield code="1">0</subfield>
    <subfield code="4">0</subfield>
    <subfield code="7">0</subfield>
    <subfield code="8">NFIC</subfield>
    <subfield code="a">MCL</subfield>
    <subfield code="b">MCL</subfield>
    <subfield code="c">GEN</subfield>
    <subfield code="d">2021-05-20</subfield>
    <subfield code="i">17040</subfield>
    <subfield code="l">0</subfield>
    <subfield code="o">PE1628 LON 2009</subfield>
    <subfield code="p">007236</subfield>
    <subfield code="r">2021-05-20 00:00:00</subfield>
    <subfield code="t">c.3</subfield>
    <subfield code="w">2021-05-20</subfield>
    <subfield code="y">BK</subfield>
  </datafield>
  <datafield tag="952" ind1=" " ind2=" ">
    <subfield code="0">0</subfield>
    <subfield code="1">0</subfield>
    <subfield code="2">lcc</subfield>
    <subfield code="4">0</subfield>
    <subfield code="7">0</subfield>
    <subfield code="8">NFIC</subfield>
    <subfield code="a">GSRC</subfield>
    <subfield code="b">GSRC</subfield>
    <subfield code="c">GEN</subfield>
    <subfield code="d">2021-06-10</subfield>
    <subfield code="i">17039</subfield>
    <subfield code="l">0</subfield>
    <subfield code="o">PE 1628 LON 2009</subfield>
    <subfield code="p">007233</subfield>
    <subfield code="r">2021-06-10 00:00:00</subfield>
    <subfield code="t">c. 4</subfield>
    <subfield code="w">2021-06-10</subfield>
    <subfield code="y">BK</subfield>
  </datafield>
  <datafield tag="952" ind1=" " ind2=" ">
    <subfield code="0">0</subfield>
    <subfield code="1">0</subfield>
    <subfield code="4">0</subfield>
    <subfield code="7">0</subfield>
    <subfield code="8">NFIC</subfield>
    <subfield code="a">MCL</subfield>
    <subfield code="b">MCL</subfield>
    <subfield code="c">REF</subfield>
    <subfield code="d">2024-08-14</subfield>
    <subfield code="l">0</subfield>
    <subfield code="o">PE1628 LON 2009	</subfield>
    <subfield code="p">g23287</subfield>
    <subfield code="r">2024-08-14 00:00:00</subfield>
    <subfield code="t">c.4</subfield>
    <subfield code="w">2024-08-14</subfield>
    <subfield code="y">BK</subfield>
  </datafield>
  <datafield tag="999" ind1=" " ind2=" ">
    <subfield code="c">6703</subfield>
    <subfield code="d">6703</subfield>
  </datafield>
  <datafield tag="020" ind1=" " ind2=" ">
    <subfield code="a">9781408215326</subfield>
  </datafield>
  <datafield tag="050" ind1=" " ind2=" ">
    <subfield code="a">PE1628 LON 2009</subfield>
  </datafield>
  <datafield tag="110" ind1=" " ind2=" ">
    <subfield code="a">Longman : Pearson Education</subfield>
  </datafield>
  <datafield tag="245" ind1=" " ind2=" ">
    <subfield code="a">Longman dictionary of contemporary English :</subfield>
    <subfield code="b">for advanced learners /</subfield>
  </datafield>
  <datafield tag="250" ind1=" " ind2=" ">
    <subfield code="a">New ed.</subfield>
  </datafield>
  <datafield tag="264" ind1=" " ind2=" ">
    <subfield code="a">Harlow : </subfield>
    <subfield code="b">Longman : Pearson Education,</subfield>
    <subfield code="c">2009.</subfield>
  </datafield>
  <datafield tag="300" ind1=" " ind2=" ">
    <subfield code="a">2081p. :</subfield>
    <subfield code="b">ill. (col.)</subfield>
  </datafield>
  <datafield tag="500" ind1=" " ind2=" ">
    <subfield code="a">La couv. porte en plus : "New edition", "For advanced learners"</subfield>
  </datafield>
  <datafield tag="650" ind1=" " ind2=" ">
    <subfield code="a">English language -- Dictionaries.</subfield>
  </datafield>
  <datafield tag="650" ind1=" " ind2=" ">
    <subfield code="a">English language.</subfield>
  </datafield>
  <datafield tag="942" ind1=" " ind2=" ">
    <subfield code="2">lcc</subfield>
    <subfield code="c">BK</subfield>
    <subfield code="e">New ed.</subfield>
    <subfield code="h">1628</subfield>
    <subfield code="i">LON</subfield>
    <subfield code="k">PE</subfield>
  </datafield>
</record>
